000 00307 a2200109 4500
001 ART_26479
005 20260410161933.0
008 260409a
245 1 0 _aInterés directo e interés real
100 1 _aBisso, Ricardo A.
773 0 _tInforme
_g- Año II, Nº 14 (ago. 1970)
_wREV23765
999 _c28787
_d28787